000 00455pab a2200145 454500
008 180718b2005 xxu||||| |||| 00| 0 eng d
100 _aMann, Christopher B.
245 _aUnintentional voter mobilization: does participation in pre-election surveys increase voter turnout?
260 _c2005
300 _ap.155-68.
362 _aSep
650 _aElections
773 _aAnnals of the American Academy of Political and Social Science
909 _a66869
999 _c66869
_d66869